| 000 | 00785cam a22002535a 4500 | ||
|---|---|---|---|
| 005 | 20150816104725.0 | ||
| 008 | 090127t2006 ii a|||frb||| 001 0 eng d | ||
| 020 | _a8121901626 | ||
| 020 | _a9788121901628 | ||
| 040 |
_aEG-ScBUE _beng _cEG-ScBUE |
||
| 082 | 0 | 4 |
_a621.106 _bKHU _222 |
| 100 | 1 | _aKhurmi, R. S. | |
| 245 |
_aA Text Book of Hydraulics, Fluid Mechanics And Hydraulic Machines / _cR. S. Khurmi. |
||
| 260 |
_aNew Delhi : _bS. Chand & Company, _cc.2006. |
||
| 300 |
_a666 p. : _bill. ; _c24 cm. |
||
| 500 | _aIndex : p. 661-666. | ||
| 504 | _aIncludes bibliographical references . | ||
| 590 | _adoaa mohamed | ||
| 650 |
_aHydraulics. _2BUEsh |
||
| 650 |
_aFluid dynamics. _2BUEsh |
||
| 651 | _2BUEsh | ||
| 653 | _bENGMEC | ||
| 942 |
_cBB _k627.082KHU _2ddc |
||
| 999 |
_c9688 _d9688 |
||